000 00554nam a2200181Ia 4500
003 GCL
008 140319s9999 xx 000 0 ara d
040 _aGCL /
_cGCL
082 0 4 _a210
_bأ م
100 1 _aمحمود سيد على شقير
245 1 0 _aمع الامثال القرانية /
_cمحمود سيد على شقير
260 _a[S.N] :
_bالمؤسسة العربية الحديثة ،
_c1988
490 _aاسلاميات
_v0
650 0 4 _aالاسلام
650 0 4 _aالمخدرات
650 0 4 _aالقران
942 _2ddc
_cBK
999 _c34507
_d34507